000 00529nam a2200217Ia 4500
003 OSt
005 20250104121238.0
008 210210b1945 xxu||||| |||| 00| 0 eng d
040 _cAL
041 _aeng
082 _a381/44
100 _aDAVAR (Sohrab R)
_942977
245 _aDavars higher accountancy
250 _a4
260 _aBombay
_bProgressive Corporation Private Limited
_c1937
300 _aiv,1005
690 _aAccountancy
_942978
700 _aSUTARIA (D C)
_942979
906 _a005089
942 _2ddc
_cBK
999 _c124874
_d124874